000 00566nam a2200205Ii 4500
001 17569
003 CO-ViMGA
008 241108s9999||||xx |||||||||||||| ||und||
040 _aCO-ViMGA
_bspa
_erda
_cCO-ViMGA
041 0 _aspa
082 0 4 _a658.01 D85p
100 1 _aMarvin D. Dunnette
_950415
245 1 0 _aPsicología industrial
264 1 _aMéxico : Trillas, 1979
300 _avolumen
336 _atext
_btxt
_2rdacontent
337 _aunmediated
_bn
_2rdamedia
338 _avolume
_bnc
_2rdacarrier
940 _aidficha_siabuc: 17233. -- ficha_no_siabuc:17569
999 _c45099
_d45099